Największe gospodarki świata (PKB) - Statystyki

Ogólne statystyki
  • Ten quiz został rozwiązany 329 razy
  • Średni wynik to 18 z 20
Statystyki odpowiedzi
Hint Odpowiedź % Poprawnych
20,490,000,000,000 STANY ZJEDNOCZONE AMERYKI (USA)
100%
13,608,152,000,000 CHINY
99%
2,777,525,000,000 FRANCJA
99%
3,996,608,000,000 NIEMCY
99%
4,970,860,000,000 JAPONIA
98%
2,285,208,000,000 WIELKA BRYTANIA
96%
2,726,000,000,000 INDIE
95%
1,657,800,000,000 ROSJA
95%
1,868,673,000,000 BRAZYLIA
94%
1,426,009,000,000 HISZPANIA
94%
1,712,512,000,000 KANADA
93%
2,073,780,000,000 WłOCHY
93%
1,432,567,000,000 AUSTRALIA
87%
1,226,750,000,000 MEKSYK
87%
1,619,420,000,000 KOREA POłUDNIOWA
84%
1,042,000,000,000 INDONEZJA
79%
782,400,000,000 ARABIA SAUDYJSKA
78%
766,555,000,000 TURCJA
78%
913,658,000,000 HOLANDIA
74%
702,000,000,000 SZWAJCARIA
71%
Nie znaleziono quizów pasujących do podanych kryteriów
Rozkład punktacji
Procent ludzi z każdym wynikiem
Percentyl według liczby udzielonych odpowiedzi
Twoja historia wyników
Nie rozwiązałeś tego quizu